| 000 | 00530nam a2200181Ia 4500 | ||
|---|---|---|---|
| 999 |
_c16900 _d16900 |
||
| 003 | OSt | ||
| 005 | 20200606120027.0 | ||
| 008 | 190216s9999||||xx |||||||||||||| ||und|| | ||
| 020 | _a8188538221 | ||
| 040 | _cMESKC library | ||
| 082 |
_a891.4335 _bPRE/P |
||
| 100 | 0 |
_aPremacanda, _956 _d1881-1936 |
|
| 245 | 0 |
_aPremachand Ki Durleb Kahaniyan / _cMunshi Premchandh |
|
| 260 |
_bPrayeg Prakashan, _c2010. _aDelhi: |
||
| 300 | _a247p | ||
| 650 | _aHindi | ||
| 942 |
_cBK _2ddc _h891.4335 _iPRE/P _k891.4335 _mPRE/P |
||